000 00369nam a22001457a 4500
020 _a9789381714256
082 _a631.4
_bKOH/SO
100 _aKohnke,Helmut
_91272
100 _aFranzmeier D.P.
_91273
245 _aSoil Science Simplified
250 _a4 th
260 _aNew Delhi
_bMed- Tech - Scientific International Pvt. Ltd
_c2013
300 _a162
942 _cBBS
999 _c14725
_d14725